Tratado Latinoamericano de sociología del trabajo /
Se presenta una documentación que sustenta sobre los temas de sociologia y el trabajo, aportes que en lo fundamental se desarrollan en América Latina.WMV
Збережено в:
| Автор: | |
|---|---|
| Співавтори: | , |
| Інші автори: | |
| Формат: | Текст |
| Опубліковано: |
México, D.F.:
El Colegio México
|
| Предмети: | |
| Теги: |
Додати тег
Немає тегів, Будьте першим, хто поставить тег для цього запису!
|
MARC
| LEADER | 00000 a a2200000 04500 | ||
|---|---|---|---|
| 001 | 26884 | ||
| 003 | |||
| 040 | |||
| 020 | |a 968-16-6026-9 | ||
| 090 | |a 146629 | ||
| 100 | |a Garza Toledo, Enrique de la | ||
| 110 | |a FLACSO | ||
| 245 | |a Tratado Latinoamericano de sociología del trabajo / |c FLACSO | ||
| 260 | |a México, D.F.: |b El Colegio México | ||
| 300 | |a 796 p. | ||
| 520 | |a Se presenta una documentación que sustenta sobre los temas de sociologia y el trabajo, aportes que en lo fundamental se desarrollan en América Latina.WMV | ||
| 650 | |a SOCIOLOGIA | ||
| 650 | |a TRABAJO | ||
| 650 | |a ANALISIS SOCIOLOGICO | ||
| 650 | |a ECONOMIA | ||
| 700 | |a coord | ||
| 710 | |a El Colegio de México |a Universidad Autónoma Metropolitana |a Fondo de Cultura Económica | ||
| 999 | |c 12288 |d 12288 | ||



